000 00558nam a22001817i 4500
001 IT\ICCU\UBO\3330640
003 ItRI
005 20260115232257.0
008 071128s1994 it |||||| ||||| |||||c
040 _bita
_cimportazione bologna sebina
041 7 _aita
_2ISO-639-2
100 1 _aChiavari, Gian Marco
_0IT\ICCU\CFIV\139617
_4aut
245 1 0 _aLampadine scoppiate /
_cGian Marco Chiavari.
260 _a[Viterbo] :
_bStampa alternativa,
_cs1994
300 _a1 v. :
_bill. ;
_c14 cm.
830 0 _aMillelire
_0IT\ICCU\RAV\0186200
942 _2ddc
_cBK
_n0
999 _c19974
_d19974